Statistics for All African Countries by GDP Per Capita - In Order

Click here to take the quiz!

General Stats

  • This quiz has been taken 151 times
    (109 since last reset)
  • The average score is 38 of 54

Answer Stats

GDPHintCountry% Correct
$35.270SSeychelles
99%
$25.040MMauritius
97%
$17.850GGabon
92%
$18.450LLibya
92%
$19.290BBotswana
91%
$13.000AAlgeria
86%
$19.030EEquatorial Guinea
86%
$10.450NNamibia
85%
$14.930SSouth Africa
85%
$12.300TTunisia
85%
$15.360EEgypt
84%
$10.410MMorocco
82%
$9.040EEswatini
80%
$6.060KKenya
80%
$6.920AAngola
77%
$6.750GGhana
76%
$7.280MMauritania
76%
$5.850NNigeria
76%
$6.670DDjibouti
73%
$1.320DCD.R. Congo
73%
$2.800RRwanda
73%
$2.960UUganda
73%
$6.340IIvory Coast
72%
$3.780ZZambia
72%
$860BBurundi
70%
$7.740CCape Verde
70%
$1.310SSomalia
70%
$2.520ZZimbabwe
70%
$3.030LLesotho
69%
$1.430NNiger
68%
$1.100CCentral African Republic
66%
$2.100EEritrea
66%
$2.790GGuinea-Bissau
66%
$3.020GGuinea
65%
$3.360TTanzania
65%
$1.700CChad
64%
$2.570MMali
64%
$920SSouth Sudan
64%
$2.600TTogo
64%
$4.140BBenin
62%
$2.660BBurkina Faso
62%
$3.410EEthiopia
62%
$2.640GGambia
62%
$1.780LLiberia
62%
$1.600MMalawi
62%
$1.440MMozambique
61%
$4.680SSão Tomé and Principe
59%
$1.960SSierra Leone
59%
$3.350CComoros
58%
$4.440SSudan
57%
$4.580CCongo
55%
$1.770MMadagascar
55%
$4.400CCameroon
54%
$4.100SSenegal
53%

Score Distribution

Percentile by Number Answered

Percent of People with Each Score

Your Score History

You have not taken this quiz since the last reset